[Event "CAN-op U2000 (Pinnacle 48th CAN Op Ch)"]
[Site "Toronto CAN"]
[Date "2011.07.17"]
[Round "9"]
[White "Jubenville, Mark"]
[Black "Medvedev, Gennadi"]
[Result "0-1"]
[WhiteElo "1790"]
[BlackElo "1639"]
[PlyCount "128"]
[GameId "2160767909703814"]
[EventDate "2011.07.09"]
[EventType "swiss"]
[EventRounds "9"]
[EventCountry "CAN"]
[SourceTitle "EXT 2022"]
[Source "ChessBase"]
[SourceDate "2021.10.06"]
[SourceVersion "1"]
[SourceVersionDate "2021.10.06"]
[SourceQuality "1"]

1. d4 d5 2. Bf4 e6 3. e3 a6 4. Nd2 Nc6 5. Ngf3 h6 6. c3 Bd6 7. Ne5 Nxe5 8. dxe5 Bc5 9. Bd3 Bd7 10. h4 Qe7 11. Qg4 f5 12. exf6 Nxf6 13. Qg6+ Kd8 14. Be2 Be8 15. Qc2 Bd6 16. Bxd6 Qxd6 17. O-O-O Ke7 18. Nc4 Qc5 19. Ne5 Rg8 20. g4 Ne4 21. Bd3 Nf6 22. g5 hxg5 23. hxg5 Nd7 24. Ng4 Qa5 25. Kb1 c6 26. Rh7 Kd8 27. Bg6 Kc7 28. Bxe8 Raxe8 29. Qg6 Qa4 30. Rd4 Qb5 31. Rd1 Qe2 32. Rg1 Re7 33. Qc2 Qxc2+ 34. Kxc2 Kd6 35. f4 Nf8 36. Rh2 Ng6 37. Kd3 Rf7 38. Rf2 Rf5 39. Ke2 Rgf8 40. Rgf1 a5 41. a4 Kc5 42. Kd3 Kd6 43. b4 b6 44. bxa5 bxa5 45. Rb1 e5 46. Rb7 exf4 47. Rxg7 Rxg5 48. Kd2 Rxg4 49. exf4 Rgxf4 50. Rxg6+ Kc5 51. Re2 Rxa4 52. Ree6 Rc8 53. Kc2 Re4 54. Ref6 Kb5 55. Rf1 a4 56. Rb1+ Kc5 57. Ra1 Ra8 58. Rg3 Kc4 59. Rg2 c5 60. Kd2 a3 61. Rgg1 Rh4 62. Rg2 a2 63. Kc2 Rh3 64. Kb2 Rxc3 0-1

[Event "CAN-op U2000 (Pinnacle 48th CAN Op Ch)"]
[Site "Toronto CAN"]
[Date "2011.07.17"]
[Round "9"]
[White "Liu, Jiaxin (Dora)"]
[Black "Ali, Shafkat"]
[Result "0-1"]
[WhiteElo "1398"]
[BlackElo "1823"]
[PlyCount "88"]
[GameId "2160767909703815"]
[EventDate "2011.07.09"]
[EventType "swiss"]
[EventRounds "9"]
[EventCountry "CAN"]

1. d4 d5 2. Nf3 Nf6 3. e3 Bf5 4. b3 e6 5. Bb2 Bb4+ 6. Nbd2 c6 7. c3 Be7 8. Nh4 Bg4 9. Nhf3 Nbd7 10. h3 Bh5 11. Bd3 e5 12. g4 e4 13. gxh5 exd3 14. Nf1 Ne4 15. h4 Ndf6 16. Ne5 d2+ 17. Ke2 Nxh5 18. Nf3 Ba3 19. Qc2 Bxb2 20. Qxb2 Qf6 21. N1xd2 Qe6 22. Raf1 f5 23. Kd1 O-O-O 24. Kc1 f4 25. Nxe4 Qxe4 26. Ng5 Qe7 27. Re1 Rde8 28. exf4 Qxe1+ 29. Rxe1 Rxe1+ 30. Kd2 Rhe8 31. Nh3 R1e2+ 32. Kc1 Rxb2 33. Kxb2 Rf8 34. Kc2 Nxf4 35. Ng5 h6 36. Nf3 Ng6 37. Ne5 Nxe5 38. dxe5 Rxf2+ 39. Kd3 Kd7 40. Ke3 Rxa2 41. c4 dxc4 42. bxc4 Ke6 43. Kd4 b6 44. Ke4 Rb2 0-1

[Event "CAN-op U2000 (Pinnacle 48th CAN Op Ch)"]
[Site "Toronto CAN"]
[Date "2011.07.17"]
[Round "9"]
[White "Mourgelas, James"]
[Black "Sly, Douglas"]
[Result "1-0"]
[WhiteElo "1480"]
[BlackElo "1545"]
[PlyCount "57"]
[GameId "2160767909703816"]
[EventDate "2011.07.09"]
[EventType "swiss"]
[EventRounds "9"]
[EventCountry "CAN"]
[SourceTitle "EXT 2022"]
[Source "ChessBase"]
[SourceDate "2021.10.06"]
[SourceVersion "1"]
[SourceVersionDate "2021.10.06"]
[SourceQuality "1"]

1. e4 e6 2. d4 d5 3. e5 c5 4. Nf3 Nc6 5. Be3 cxd4 6. Bxd4 Nxd4 7. Qxd4 Ne7 8. Bd3 Nc6 9. Bb5 Bd7 10. Bxc6 bxc6 11. O-O Be7 12. Nc3 O-O 13. Ne2 c5 14. Qd2 Bb5 15. Rfe1 Rb8 16. c3 Rb7 17. Rad1 Qc7 18. Ng3 Rfb8 19. b3 a5 20. Nh5 Ba6 21. Qf4 Kh8 22. Qxf7 Bf8 23. Qxe6 Qf7 24. Qxf7 Rxf7 25. Rxd5 Rf5 26. Ng3 Rf7 27. e6 Bb7 28. exf7 Bxd5 29. Re8 1-0

[Event "CAN-op U2000 (Pinnacle 48th CAN Op Ch)"]
[Site "Toronto CAN"]
[Date "2011.07.17"]
[Round "9"]
[White "Muir, Tom"]
[Black "Moran-Venegas, Mario"]
[Result "1-0"]
[WhiteElo "1571"]
[BlackElo "1864"]
[PlyCount "63"]
[GameId "2160767909703817"]
[EventDate "2011.07.09"]
[EventType "swiss"]
[EventRounds "9"]
[EventCountry "CAN"]
[SourceTitle "EXT 2022"]
[Source "ChessBase"]
[SourceDate "2021.10.06"]
[SourceVersion "1"]
[SourceVersionDate "2021.10.06"]
[SourceQuality "1"]

1. e4 c5 2. Nc3 d6 3. f4 Nc6 4. Nf3 g6 5. Bc4 Bg7 6. O-O Nf6 7. d3 O-O 8. Qe1 Na5 9. Bd5 e6 10. Bb3 Nxb3 11. axb3 a6 12. Qh4 Nh5 13. Qxd8 Rxd8 14. e5 f5 15. Na4 Bf8 16. Nb6 Rb8 17. Bd2 Bd7 18. Ng5 Ng7 19. Nxd7 Rxd7 20. Nf3 Ne8 21. c4 Bg7 22. Bc3 Rbd8 23. d4 cxd4 24. Nxd4 Kf7 25. Nf3 h6 26. Ba5 Rc8 27. Rfd1 Bf8 28. Bb4 Rc6 29. exd6 Rb6 30. Ne5+ Kg7 31. Nxd7 Rxb4 32. Nxf8 1-0

[Event "CAN-op U2000 (Pinnacle 48th CAN Op Ch)"]
[Site "Toronto CAN"]
[Date "2011.07.17"]
[Round "9"]
[White "Nickoloff, Steve"]
[Black "Maister, Martin"]
[Result "1-0"]
[WhiteElo "1872"]
[BlackElo "1733"]
[PlyCount "47"]
[GameId "2160767909703818"]
[EventDate "2011.07.09"]
[EventType "swiss"]
[EventRounds "9"]
[EventCountry "CAN"]
[SourceTitle "EXT 2022"]
[Source "ChessBase"]
[SourceDate "2021.10.06"]
[SourceVersion "1"]
[SourceVersionDate "2021.10.06"]
[SourceQuality "1"]

1. e4 c5 2. Nf3 d6 3. c3 Nf6 4. Bb5+ Bd7 5. Bxd7+ Qxd7 6. d3 g6 7. O-O Bg7 8. h3 Nc6 9. Be3 O-O 10. Nbd2 Rfc8 11. d4 cxd4 12. cxd4 b6 13. Rc1 Qb7 14. d5 Nb4 15. a3 Rxc1 16. Qxc1 Nd3 17. Qc4 Nc5 18. b4 b5 19. Qc2 Na4 20. Rc1 Ne8 21. Bd4 Nb6 22. Bxg7 Rc8 23. Bc3 Na4 24. Nb1 1-0

[Event "CAN-op U2000 (Pinnacle 48th CAN Op Ch)"]
[Site "Toronto CAN"]
[Date "2011.07.17"]
[Round "9"]
[White "O'Sullivan, Patrick"]
[Black "Philip, Andrew"]
[Result "1/2-1/2"]
[WhiteElo "1758"]
[BlackElo "1596"]
[PlyCount "95"]
[GameId "2160767909703819"]
[EventDate "2011.07.09"]
[EventType "swiss"]
[EventRounds "9"]
[EventCountry "CAN"]
[SourceTitle "EXT 2022"]
[Source "ChessBase"]
[SourceDate "2021.10.06"]
[SourceVersion "1"]
[SourceVersionDate "2021.10.06"]
[SourceQuality "1"]

1. e4 d5 2. exd5 Qxd5 3. Nc3 Qd6 4. Nf3 Nf6 5. h3 a6 6. d4 b5 7. Bd3 Bb7 8. Be3 Nbd7 9. Qe2 e6 10. Rd1 Qb4 11. Bc1 c5 12. a3 Qa5 13. dxc5 b4 14. axb4 Qxb4 15. Bd2 Qxc5 16. O-O Be7 17. Ra1 Qc6 18. Be3 O-O 19. Rfe1 Ne5 20. Bg5 Nxd3 21. Qxd3 Rfd8 22. Qf1 h6 23. Bh4 g5 24. Bg3 Nd5 25. Ne5 Qc8 26. Qe2 Nf6 27. h4 Bf8 28. Ng4 Bg7 29. hxg5 hxg5 30. Be5 Qc6 31. Nxf6+ Bxf6 32. Qg4 Bxe5 33. Rxe5 Rd4 34. Qxg5+ Kf8 35. Rae1 Rc8 36. R1e3 Qc4 37. b3 Qb4 38. Ne2 Rd1+ 39. Kh2 Qe1 40. Nf4 Qh1+ 41. Kg3 Qh8 42. Nxe6+ fxe6 43. Rf3+ Bxf3 44. Rxe6 Rc7 45. Rf6+ Rf7 46. Qc5+ Kg7 47. Qg5+ Kf8 48. Qc5+ 1/2-1/2

[Event "CAN-op U2000 (Pinnacle 48th CAN Op Ch)"]
[Site "Toronto CAN"]
[Date "2011.07.17"]
[Round "9"]
[White "Siddeley, Hugh"]
[Black "Stavropoulos, Greg"]
[Result "1-0"]
[WhiteElo "1996"]
[BlackElo "1872"]
[PlyCount "105"]
[GameId "2160767909703821"]
[EventDate "2011.07.09"]
[EventType "swiss"]
[EventRounds "9"]
[EventCountry "CAN"]
[SourceTitle "EXT 2022"]
[Source "ChessBase"]
[SourceDate "2021.10.06"]
[SourceVersion "1"]
[SourceVersionDate "2021.10.06"]
[SourceQuality "1"]

1. d4 Nf6 2. c4 c5 3. d5 b5 4. cxb5 a6 5. Nc3 axb5 6. e4 b4 7. Nb5 d6 8. Bf4 g6 9. e5 dxe5 10. Bxe5 Na6 11. Qa4 Bd7 12. d6 Bg7 13. O-O-O e6 14. Qc2 O-O 15. Nc7 Nxc7 16. dxc7 Qc8 17. Bc4 Ne8 18. Nf3 Nxc7 19. Bxg7 Kxg7 20. Qe2 Nd5 21. h4 Ba4 22. Rd3 Qb8 23. g3 Bb5 24. Rdd1 Bxc4 25. Qxc4 h5 26. Ng5 Nb6 27. Qb3 Ra4 28. Rd7 Nxd7 29. Qxa4 Nf6 30. Rd1 Nd5 31. Qd7 Qe8 32. Nxe6+ Qxe6 33. Qxd5 Re8 34. Qxe6 Rxe6 35. Kd2 Ra6 36. Ra1 Kf6 37. Kd3 Kf5 38. f3 f6 39. Kc4 Ra5 40. a4 g5 41. hxg5 fxg5 42. b3 g4 43. fxg4+ Kxg4 44. Rh1 Ra7 45. Rh4+ Kg5 46. Kxc5 Rf7 47. a5 Rf3 48. Kxb4 Rxg3 49. Rh1 Rg2 50. Kb5 h4 51. a6 Ra2 52. b4 Kg4 53. Kb6 1-0

[Event "CAN-op U2000 (Pinnacle 48th CAN Op Ch)"]
[Site "Toronto CAN"]
[Date "2011.07.17"]
[Round "9"]
[White "Song, Eric"]
[Black "Jarve, Jaak"]
[Result "1-0"]
[WhiteElo "1488"]
[BlackElo "1740"]
[PlyCount "129"]
[GameId "2160767909703822"]
[EventDate "2011.07.09"]
[EventType "swiss"]
[EventRounds "9"]
[EventCountry "CAN"]
[SourceTitle "EXT 2022"]
[Source "ChessBase"]
[SourceDate "2021.10.06"]
[SourceVersion "1"]
[SourceVersionDate "2021.10.06"]
[SourceQuality "1"]

1. e4 c5 2. Nf3 Nc6 3. d4 cxd4 4. Nxd4 e5 5. Nb3 Bb4+ 6. Bd2 Qb6 7. Bc4 Nf6 8. Bd3 d6 9. h3 Be6 10. c3 Bxb3 11. axb3 Bc5 12. O-O Qc7 13. b4 Bb6 14. Na3 O-O 15. Nc4 a6 16. Nxb6 Qxb6 17. Be3 Qc7 18. Bg5 b5 19. Kh1 Kh8 20. Bxf6 gxf6 21. f4 Rg8 22. Qh5 Qd7 23. Rad1 Rg7 24. Qh4 Qe7 25. Bc2 Rag8 26. Rf2 Rg6 27. f5 Rg5 28. Bb3 Kg7 29. Rfd2 Rd8 30. g4 Na7 31. Qg3 Kh8 32. Qh4 Kg7 33. Bd5 Nc8 34. Qg3 Kh8 35. Rg2 Rg7 36. Qh4 Nb6 37. Bb3 Nd7 38. Rdg1 Rg5 39. Qh6 Qf8 40. Qh4 h6 41. Qf2 Nb8 42. Qe3 Kh7 43. h4 Rg7 44. Rh2 Qe7 45. g5 Rh8 46. Qg3 Kg8 47. g6 Kf8 48. h5 Nc6 49. Rd1 Qc7 50. Rhd2 Ke7 51. Bxf7 Rd8 52. Qe3 Nxb4 53. Qxh6 Rxf7 54. gxf7 Qc4 55. Qe3 Qxf7 56. Rh2 d5 57. exd5 Nxd5 58. Qc5+ Ke8 59. h6 Qb7 60. Rg2 Nf4 61. Rxd8+ Kxd8 62. Qf8+ Kc7 63. Qg7+ Kb6 64. Qxb7+ Kxb7 65. h7 1-0

[Event "CAN-op U2000 (Pinnacle 48th CAN Op Ch)"]
[Site "Toronto CAN"]
[Date "2011.07.17"]
[Round "9"]
[White "Thanabalachandran, Kajan"]
[Black "Coren, Daniel"]
[Result "1-0"]
[WhiteElo "1522"]
[BlackElo "1738"]
[PlyCount "75"]
[GameId "2160767909703824"]
[EventDate "2011.07.09"]
[EventType "swiss"]
[EventRounds "9"]
[EventCountry "CAN"]
[SourceTitle "EXT 2022"]
[Source "ChessBase"]
[SourceDate "2021.10.06"]
[SourceVersion "1"]
[SourceVersionDate "2021.10.06"]
[SourceQuality "1"]

1. e4 d5 2. exd5 Qxd5 3. d4 Nc6 4. Nf3 e5 5. Nc3 Bb4 6. a3 Bxc3+ 7. bxc3 e4 8. Nd2 Nf6 9. Bc4 Qa5 10. Bb2 O-O 11. O-O Bg4 12. Be2 Bxe2 13. Qxe2 Rfe8 14. Rfe1 Kh8 15. a4 Rad8 16. Qb5 Re6 17. Nc4 Qa6 18. Qxa6 bxa6 19. Rab1 Nd5 20. Ne3 Nxe3 21. fxe3 Na5 22. Ba3 Nc4 23. Bc5 Nb6 24. a5 Na4 25. Bxa7 Nxc3 26. Rb3 Nb5 27. Bc5 g6 28. Reb1 Nd6 29. Rb8 Ree8 30. Rxd8 Rxd8 31. Bxd6 Rxd6 32. c4 Rc6 33. c5 f5 34. Rb6 cxb6 35. axb6 Rf6 36. b7 Rf8 37. c6 a5 38. c7 1-0

[Event "CAN-op U2000 (Pinnacle 48th CAN Op Ch)"]
[Site "Toronto CAN"]
[Date "2011.07.17"]
[Round "9"]
[White "Thomson, Bruce"]
[Black "Gaffney, Kevin"]
[Result "0-1"]
[WhiteElo "1626"]
[BlackElo "1685"]
[PlyCount "106"]
[GameId "2160767909703825"]
[EventDate "2011.07.09"]
[EventType "swiss"]
[EventRounds "9"]
[EventCountry "CAN"]
[SourceTitle "EXT 2022"]
[Source "ChessBase"]
[SourceDate "2021.10.06"]
[SourceVersion "1"]
[SourceVersionDate "2021.10.06"]
[SourceQuality "1"]

1. Nf3 d5 2. g3 c5 3. Bg2 Nc6 4. O-O Nf6 5. c3 Bg4 6. d4 e6 7. h3 Bh5 8. Re1 cxd4 9. cxd4 Bb4 10. Bd2 Qa5 11. Nc3 Bxf3 12. exf3 Nxd4 13. a3 Be7 14. b4 Qd8 15. Be3 Nf5 16. Bf4 Nd6 17. Bf1 O-O 18. Rc1 Rc8 19. Be5 Nc4 20. Bxc4 Rxc4 21. Na2 Rxc1 22. Qxc1 Qd7 23. Re2 Rc8 24. Rc2 Rxc2 25. Qxc2 Qc6 26. Qc3 Qxc3 27. Bxc3 b5 28. Kf1 Nd7 29. Bd4 a6 30. f4 Bd8 31. Nc3 Nb6 32. Ke2 Kf8 33. f3 Nd7 34. a4 bxa4 35. Nxa4 Be7 36. Bc5 Bxc5 37. bxc5 Nb8 38. g4 Ke7 39. Kd3 Kd7 40. Kc3 Kc6 41. Kb4 Nd7 42. h4 Nxc5 43. Nb2 Kb6 44. Kc3 Kb5 45. Kd4 Kb4 46. f5 a5 47. fxe6 fxe6 48. f4 a4 49. Nd1 a3 50. Nc3 Nb3+ 51. Kd3 Nc1+ 52. Kc2 a2 53. Nxa2+ Nxa2 0-1

[Event "CAN-op U2000 (Pinnacle 48th CAN Op Ch)"]
[Site "Toronto CAN"]
[Date "2011.07.17"]
[Round "9"]
[White "Tonakanian, Stephan"]
[Black "Cooke, Matthew W"]
[Result "1-0"]
[WhiteElo "1974"]
[BlackElo "1799"]
[PlyCount "37"]
[GameId "2160767909703828"]
[EventDate "2011.07.09"]
[EventType "swiss"]
[EventRounds "9"]
[EventCountry "CAN"]
[SourceTitle "EXT 2022"]
[Source "ChessBase"]
[SourceDate "2021.10.06"]
[SourceVersion "1"]
[SourceVersionDate "2021.10.06"]
[SourceQuality "1"]

1. d4 Nf6 2. Nf3 d5 3. g3 Nbd7 4. c4 e6 5. Bg2 Be7 6. O-O O-O 7. b3 b6 8. Qc2 Bb7 9. Rd1 dxc4 10. bxc4 Qc8 11. Nc3 c5 12. Ba3 Rd8 13. e4 Bf8 14. d5 exd5 15. cxd5 Bd6 16. Nh4 Be5 17. Rac1 Nf8 18. Nf5 Bxc3 19. Ne7+ 1-0

[Event "CAN-op U2000 (Pinnacle 48th CAN Op Ch)"]
[Site "Toronto CAN"]
[Date "2011.07.17"]
[Round "9"]
[White "Triefeldt, Jack"]
[Black "O'Bumsawin, Nicholas"]
[Result "1-0"]
[WhiteElo "1714"]
[BlackElo "1831"]
[PlyCount "97"]
[GameId "2160767909703829"]
[EventDate "2011.07.09"]
[EventType "swiss"]
[EventRounds "9"]
[EventCountry "CAN"]
[SourceTitle "EXT 2022"]
[Source "ChessBase"]
[SourceDate "2021.10.06"]
[SourceVersion "1"]
[SourceVersionDate "2021.10.06"]
[SourceQuality "1"]

1. d4 Nf6 2. c4 e6 3. Nc3 Bb4 4. a3 Bxc3+ 5. bxc3 c5 6. Qc2 Nc6 7. Nf3 d6 8. Bg5 O-O 9. Bxf6 Qxf6 10. e3 b6 11. Bd3 h6 12. O-O Bb7 13. Nd2 e5 14. Ne4 Qe7 15. d5 Na5 16. Ng3 Ba6 17. Nf5 Qf6 18. Qe2 e4 19. Bxe4 Bxc4 20. Bd3 Bxd5 21. c4 Bxc4 22. Nxh6+ Qxh6 23. Bxc4 Nxc4 24. Qxc4 Qe6 25. Qc2 b5 26. e4 a5 27. Rfd1 b4 28. Rd5 Rab8 29. axb4 axb4 30. Qd3 Rb6 31. Rb1 Ra8 32. e5 dxe5 33. Rd8+ Rxd8 34. Qxd8+ Kh7 35. Qh4+ Qh6 36. Qe4+ Qg6 37. Qh4+ Qh6 38. Qe4+ g6 39. Qxe5 Qh5 40. Qc7 Qf5 41. Rc1 Rb5 42. h3 b3 43. g4 Qd5 44. Qf4 b2 45. Rb1 c4 46. Qf6 Rb3 47. Rxb2 Rxh3 48. f3 Rxf3 49. Rh2+ 1-0

[Event "CAN-op U2000 (Pinnacle 48th CAN Op Ch)"]
[Site "Toronto CAN"]
[Date "2011.07.17"]
[Round "9"]
[White "Verde, Pino"]
[Black "Laporte, Richard"]
[Result "1-0"]
[WhiteElo "1660"]
[BlackElo "1606"]
[PlyCount "81"]
[GameId "2160767909703830"]
[EventDate "2011.07.09"]
[EventType "swiss"]
[EventRounds "9"]
[EventCountry "CAN"]
[SourceTitle "EXT 2022"]
[Source "ChessBase"]
[SourceDate "2021.10.06"]
[SourceVersion "1"]
[SourceVersionDate "2021.10.06"]
[SourceQuality "1"]

1. g3 b6 2. Bg2 Nc6 3. b4 Bb7 4. Bb2 Qc8 5. a3 Nf6 6. d3 g6 7. Nf3 Bg7 8. O-O O-O 9. Nbd2 e6 10. e4 d5 11. e5 Nd7 12. d4 Ne7 13. Nb3 c5 14. bxc5 bxc5 15. c3 c4 16. Nbd2 Nb6 17. h4 Qc6 18. a4 Rfb8 19. a5 Nbc8 20. h5 Ba6 21. Ba3 Qc7 22. Re1 Nc6 23. Bc5 Bf8 24. Nh2 Bxc5 25. dxc5 Nxa5 26. Qf3 Qxc5 27. Qf6 Ne7 28. h6 Nf5 29. Ng4 Bb7 30. Nf3 Nb3 31. Nh4 Qe7 32. Nxf5 Qxf6 33. Nxf6+ Kh8 34. Nd6 Rf8 35. Ra4 Nc5 36. Ra2 Bc6 37. Rea1 a6 38. Rb1 Nb3 39. Nxc4 Rab8 40. Nd6 a5 41. Rxa5 1-0

[Event "CAN-op U2000 (Pinnacle 48th CAN Op Ch)"]
[Site "Toronto CAN"]
[Date "2011.07.17"]
[Round "9"]
[White "Yang, Bryant"]
[Black "Armstrong, Robert J"]
[Result "0-1"]
[WhiteElo "1618"]
[BlackElo "1740"]
[PlyCount "106"]
[GameId "2160767909703831"]
[EventDate "2011.07.09"]
[EventType "swiss"]
[EventRounds "9"]
[EventCountry "CAN"]
[SourceTitle "EXT 2022"]
[Source "ChessBase"]
[SourceDate "2021.10.06"]
[SourceVersion "1"]
[SourceVersionDate "2021.10.06"]
[SourceQuality "1"]

1. e4 g6 2. d4 Bg7 3. Nc3 d6 4. Bc4 Nf6 5. Qe2 O-O 6. e5 dxe5 7. dxe5 Ng4 8. e6 Ne5 9. exf7+ Nxf7 10. Bd2 Kh8 11. Nf3 Nc6 12. O-O-O e5 13. Bg5 Qe8 14. Nb5 Nxg5 15. Nxg5 Qe7 16. Qe3 Bf5 17. c3 a6 18. Na3 Na5 19. Bd3 b5 20. Ne4 Be6 21. Kb1 b4 22. cxb4 Qxb4 23. Qc5 Rfb8 24. Qxb4 Rxb4 25. Nc2 Rb6 26. Na3 Rab8 27. Rd2 Bf8 28. Ka1 Bxa3 29. bxa3 Bc4 30. Rb1 Bxd3 31. Rxb6 cxb6 32. Rxd3 Rb7 33. Ng5 Nc4 34. Ne6 h6 35. Nd8 Rc7 36. Ne6 Re7 37. Rc3 Rxe6 38. Rxc4 Kg7 39. Kb2 b5 40. Re4 Kf6 41. h4 Rc6 42. g4 g5 43. h5 Ke6 44. f3 Kd5 45. Kb3 a5 46. a4 b4 47. Re3 Rf6 48. Rd3+ Kc5 49. Re3 Kd4 50. Re4+ Kd5 51. Re3 Rf4 52. Rd3+ Kc5 53. Re3 Kd4 0-1

[Event "CAN-op U2000 (Pinnacle 48th CAN Op Ch)"]
[Site "Toronto CAN"]
[Date "2011.07.17"]
[Round "9"]
[White "Yu, Jonathan"]
[Black "Haziprodromu, Sam"]
[Result "0-1"]
[WhiteElo "1971"]
[BlackElo "1843"]
[PlyCount "92"]
[GameId "2160767909703832"]
[EventDate "2011.07.09"]
[EventType "swiss"]
[EventRounds "9"]
[EventCountry "CAN"]
[SourceTitle "EXT 2022"]
[Source "ChessBase"]
[SourceDate "2021.10.06"]
[SourceVersion "1"]
[SourceVersionDate "2021.10.06"]
[SourceQuality "1"]

1. e4 e5 2. Nf3 Nc6 3. Bc4 Nf6 4. d3 Be7 5. O-O O-O 6. Re1 d6 7. c3 Nd7 8. d4 Bf6 9. Na3 Nb6 10. h3 Re8 11. Bf1 a6 12. d5 Ne7 13. Be3 Nd7 14. b4 Nf8 15. Nc2 Bd7 16. c4 a5 17. a3 Neg6 18. c5 Be7 19. Nd2 Ba4 20. Rb1 Nd7 21. cxd6 Bxd6 22. Nc4 axb4 23. axb4 Qe7 24. Nxd6 Qxd6 25. Qd2 Nf6 26. f3 c6 27. Bc5 Qd8 28. d6 b6 29. Bf2 Re6 30. Red1 Ne8 31. d7 Nf6 32. Kh2 Re7 33. Bxb6 Qxd7 34. Qc3 Qb7 35. Bc5 Ree8 36. Rd6 Nd7 37. Na3 Ngf8 38. Bc4 Nxc5 39. bxc5 Qe7 40. Nc2 h5 41. Rb6 h4 42. Nb4 Qg5 43. Rbxc6 Bxc6 44. Rxc6 Qg3+ 45. Kg1 Ne6 46. Bxe6 fxe6 0-1

[Event "CAN-op U2000 (Pinnacle 48th CAN Op Ch)"]
[Site "Toronto CAN"]
[Date "2011.07.17"]
[Round "9"]
[White "Zator, Ed"]
[Black "Johnson, Perry V"]
[Result "1-0"]
[WhiteElo "1902"]
[BlackElo "1846"]
[PlyCount "103"]
[GameId "2160767909703833"]
[EventDate "2011.07.09"]
[EventType "swiss"]
[EventRounds "9"]
[EventCountry "CAN"]
[SourceTitle "EXT 2022"]
[Source "ChessBase"]
[SourceDate "2021.10.06"]
[SourceVersion "1"]
[SourceVersionDate "2021.10.06"]
[SourceQuality "1"]

1. e4 e5 2. Nf3 Nc6 3. Bb5 a6 4. Ba4 Nf6 5. O-O Nxe4 6. d4 b5 7. Bb3 d5 8. dxe5 Be6 9. c3 Nc5 10. Bc2 Be7 11. Re1 O-O 12. Nd4 Nxd4 13. cxd4 Nb7 14. Qd3 g6 15. Bh6 Re8 16. Qg3 c5 17. Nd2 cxd4 18. Nf3 Rc8 19. Nxd4 Bc5 20. Nxe6 Rxe6 21. Bf5 Qb6 22. Rac1 Rd8 23. Bxe6 fxe6 24. Re2 d4 25. Qd3 Bb4 26. Bg5 Rf8 27. Rd1 Rf7 28. Qxd4 Bc5 29. Qh4 b4 30. Bf6 a5 31. Qh6 Bf8 32. Qh3 Bc5 33. Red2 a4 34. Qh6 Bf8 35. Qg5 Nc5 36. Qe3 Qc6 37. h4 Ne4 38. Qf3 Qb7 39. Rd4 Nxf6 40. Qxb7 Rxb7 41. exf6 Rc7 42. g4 h6 43. g5 hxg5 44. hxg5 Rc5 45. f4 Rc2 46. Rd8 Rc7 47. Ra8 a3 48. bxa3 bxa3 49. Rdd8 Rf7 50. Rxa3 Kh7 51. Raa8 Kg8 52. Kg2 1-0

[Event "CAN-op U2000 (Pinnacle 48th CAN Op Ch)"]
[Site "Toronto CAN"]
[Date "2011.07.19"]
[Round "9"]
[White "Chuchin, Sasha"]
[Black "Dhaliwal, Jatinder"]
[Result "1-0"]
[WhiteElo "1587"]
[BlackElo "1673"]
[PlyCount "99"]
[GameId "2160767909703834"]
[EventDate "2011.07.09"]
[EventType "swiss"]
[EventRounds "9"]
[EventCountry "CAN"]
[SourceTitle "EXT 2022"]
[Source "ChessBase"]
[SourceDate "2021.10.06"]
[SourceVersion "1"]
[SourceVersionDate "2021.10.06"]
[SourceQuality "1"]

1. e4 c5 2. Nf3 d6 3. d4 cxd4 4. Nxd4 e5 5. Nf3 Bg4 6. Nc3 Nf6 7. Bg5 h6 8. Bh4 g5 9. Bg3 Be6 10. Bb5+ Nbd7 11. Qd3 a6 12. Bc4 Nc5 13. Qe2 Qd7 14. Rd1 O-O-O 15. Nxe5 Qe7 16. Bxe6+ Qxe6 17. Nc4 Ncxe4 18. Nb6+ Kb8 19. Ncd5 Nxd5 20. Nxd5 f5 21. f3 f4 22. Bxf4 gxf4 23. Qxe4 Qf7 24. Kf2 Re8 25. Qxf4 Qg6 26. Rd2 Bg7 27. c3 Re5 28. Nb6 Qe6 29. Qc4 d5 30. Nxd5 Rc8 31. Qd3 Rd8 32. c4 Bf8 33. b4 Bxb4 34. Re2 Bc5+ 35. Ke1 Re8 36. Nf4 Qb6 37. Rxe5 Rxe5+ 38. Kd1 Re3 39. Qc2 Bb4 40. Nd5 Qd4+ 41. Kc1 Qa1+ 42. Qb1 Ba3+ 43. Kc2 Re2+ 44. Kd3 Qe5 45. Qb3 Be7 46. Rb1 b5 47. cxb5 a5 48. Qc4 Bg5 49. f4 Qe6 50. Qc7+ 1-0

[Event "CYCC U08"]
[Site "Richmond Hill CAN"]
[Date "2011.07.06"]
[Round "1"]
[White "Guo, Thomas"]
[Black "Noritsyn, Sergey"]
[Result "0-1"]
[WhiteElo "982"]
[BlackElo "1491"]
[PlyCount "28"]
[GameId "2160767909703835"]
[EventDate "2011.07.06"]
[EventType "swiss"]
[EventRounds "7"]
[EventCountry "CAN"]
[SourceTitle "EXT 2022"]
[Source "ChessBase"]
[SourceDate "2021.10.06"]
[SourceVersion "1"]
[SourceVersionDate "2021.10.06"]
[SourceQuality "1"]

1. e4 Nc6 2. Nf3 e6 3. Nc3 d5 4. Bc4 Qe7 5. Qe2 Bd7 6. O-O Qd6 7. Bb5 Nd4 8. Bc6 O-O-O 9. b4 Be8 10. Rd1 b5 11. h4 g5 12. h5 f5 13. a4 e5 14. axb5 a5 0-1

[Event "CYCC U08"]
[Site "Richmond Hill CAN"]
[Date "2011.07.06"]
[Round "1"]
[White "Wang, Andrew B"]
[Black "Rapin, Oliver"]
[Result "1-0"]
[WhiteElo "1085"]
[BlackElo "610"]
[PlyCount "45"]
[GameId "2160767909703836"]
[EventDate "2011.07.06"]
[EventType "swiss"]
[EventRounds "7"]
[EventCountry "CAN"]
[SourceTitle "EXT 2022"]
[Source "ChessBase"]
[SourceDate "2021.10.06"]
[SourceVersion "1"]
[SourceVersionDate "2021.10.06"]
[SourceQuality "1"]

1. e4 Nc6 2. Bc4 e6 3. Nc3 d5 4. exd5 exd5 5. Bxd5 Qe7+ 6. Nge2 f6 7. O-O Bd7 8. Nf4 Qd6 9. Re1+ Be7 10. d3 g5 11. Qh5+ Kd8 12. Ng6 a6 13. Rxe7 Ngxe7 14. Nxh8 Nd4 15. Nf7+ Kc8 16. Nxd6+ cxd6 17. Qxh7 Nxd5 18. Nxd5 Kd8 19. Qg8+ Be8 20. Qf8 Ne2+ 21. Kf1 Nxc1 22. Qe7+ Kc8 23. Qc7# 1-0

[Event "CYCC U08"]
[Site "Richmond Hill CAN"]
[Date "2011.07.06"]
[Round "1"]
[White "Yu, Xiao Tian"]
[Black "Eckert, Ethan"]
[Result "1-0"]
[WhiteElo "1002"]
[BlackElo "797"]
[PlyCount "99"]
[GameId "2160767909703837"]
[EventDate "2011.07.06"]
[EventType "swiss"]
[EventRounds "7"]
[EventCountry "CAN"]
[SourceTitle "EXT 2022"]
[Source "ChessBase"]
[SourceDate "2021.10.06"]
[SourceVersion "1"]
[SourceVersionDate "2021.10.06"]
[SourceQuality "1"]

1. e4 e5 2. Nf3 Nc6 3. Bc4 Nf6 4. Nc3 Bc5 5. O-O O-O 6. Re1 d6 7. d3 Be6 8. Bd2 Bxc4 9. dxc4 Ng4 10. Be3 Nxe3 11. fxe3 a6 12. Nd5 b5 13. cxb5 axb5 14. Kh1 Nb4 15. Nxb4 Bxb4 16. c3 Ba5 17. Qc2 Qd7 18. Rad1 b4 19. cxb4 Bxb4 20. Nxe5 Qe6 21. Nc6 Bxe1 22. Rxe1 Ra6 23. a3 Qe8 24. Nb4 Ra4 25. Qc3 c5 26. Nd5 Qe5 27. Qxe5 dxe5 28. Rc1 c4 29. Nb6 Ra6 30. Nxc4 Rc6 31. b3 g6 32. Kg1 f5 33. Kf2 fxe4+ 34. Ke2 Rfc8 35. Kd2 Rd8+ 36. Ke2 Kf7 37. Nxe5+ Ke6 38. Nxc6 Rd6 39. b4 Rd7 40. b5 h6 41. b6 Re7 42. Rb1 Rf7 43. Nd8+ Ke7 44. Nxf7 Kxf7 45. b7 g5 46. b8=Q h5 47. Rb7+ Kf6 48. Qd6+ Kf5 49. Rf7+ Kg4 50. Qg3# 1-0